[Event "IECC TH-M-3439"]
[Site "IECC email"]
[Date "2019.12.29"]
[Round "?"]
[White "Agulnick, Michael"]
[Black "Garau, Bernard"]
[Result "0-1"]
[WhiteElo "1959"]
[BlackElo "2200"]
[PlyCount "72"]
[EventDate "2019.??.??"]
[EventType "tourn (corr)"]
[SourceTitle "Corr 2024"]
[Source "ChessBase"]
[SourceDate "2023.10.19"]
[SourceVersion "1"]
[SourceVersionDate "2023.10.19"]
[SourceQuality "1"]
[WhiteTeam "Vereinigte Staaten"]
[BlackTeam "Frankreich"]
[WhiteTeamCountry "USA"]
[BlackTeamCountry "FRA"]

1. e4 c5 2. Nf3 d6 3. d4 cxd4 4. Nxd4 Nf6 5. Nc3 a6 6. h3 e5 7. Nf3 Qc7 8. Be2 Be7 9. 0-0 b5 10. Nd5 Nxd5 11. exd5 Nd7 12. Bd2 Nb6 13. Ba5 0-0 14. c4 Qb7 15. b3 Bf5 16. Bd3 Bxd3 17. Qxd3 Nd7 18. Qe3 Rac8 19. Rab1 Rfe8 20. Nd2 f5 21. Bb4 h6 22. Rfd1 Nf6 23. a3 Qd7 24. Re1 Bd8 25. a4 a5 26. Ba3 f4 27. Qd3 b4 28. Bc1 Bb6 29. Ne4 Rf8 30. Qf3 Nxe4 31. Rxe4 Rf5 32. Rb2 Rcf8 33. Kh1 Qf7 34. Rc2 Bc5 35. Re1 g5 36. Qe4 g4 0-1

[Event "IECC CL3-2019.03 email"]
[Site "IECC email"]
[Date "2019.07.05"]
[Round "?"]
[White "Bertel, Michael"]
[Black "Agulnick, Michael"]
[Result "1/2-1/2"]
[WhiteElo "1891"]
[BlackElo "1892"]
[PlyCount "52"]
[EventDate "2019.??.??"]
[EventType "tourn (corr)"]
[EventRounds "4"]
[SourceTitle "Corr 2020"]
[Source "ChessBase"]
[SourceDate "2019.09.30"]
[SourceVersion "1"]
[SourceVersionDate "2019.09.30"]
[SourceQuality "1"]
[WhiteTeam "United States"]
[BlackTeam "United States"]
[WhiteTeamCountry "USA"]
[BlackTeamCountry "USA"]

1. e4 e5 2. Nf3 Nc6 3. Bb5 a6 4. Bxc6 dxc6 5. 0-0 f6 6. d4 exd4 7. Nxd4 c5 8. Nb3 Qxd1 9. Rxd1 Bd6 10. Na5 Nh6 11. Bxh6 gxh6 12. Nc4 Be7 13. Nc3 Kf7 14. Nd5 Be6 15. Na5 b6 16. Nc6 Bxd5 17. exd5 Bd6 18. c4 h5 19. Re1 Rae8 20. b3 h4 21. h3 Kg6 22. Kf1 Kf5 23. a4 a5 24. Rxe8 Rxe8 25. Re1 Re4 26. Rxe4 Kxe4 1/2-1/2

[Event "IECC CL3-2019.03 email"]
[Site "IECC email"]
[Date "2019.07.05"]
[Round "?"]
[White "Martins, Karin"]
[Black "Agulnick, Michael"]
[Result "1-0"]
[WhiteElo "2080"]
[BlackElo "1921"]
[PlyCount "103"]
[EventDate "2019.??.??"]
[EventType "tourn (corr)"]
[EventRounds "4"]
[SourceTitle "Corr 2024"]
[Source "ChessBase"]
[SourceDate "2023.10.19"]
[SourceVersion "1"]
[SourceVersionDate "2023.10.19"]
[SourceQuality "1"]
[WhiteTeam "Deutschland"]
[BlackTeam "Vereinigte Staaten"]
[WhiteTeamCountry "GER"]
[BlackTeamCountry "USA"]

1. e4 e5 2. Nf3 Nc6 3. d4 exd4 4. Nxd4 Nf6 5. Nxc6 bxc6 6. e5 Qe7 7. Qe2 Nd5 8. h4 a5 9. c4 Nb6 10. Nd2 a4 11. g3 d5 12. exd6 Qxe2+ 13. Kxe2 Bxd6 14. Bg2 Bg4+ 15. Kf1 Kd7 16. h5 Bf5 17. Ne4 Nxc4 18. h6 g6 19. Rh4 a3 20. b3 Be5 21. Rb1 Nd6 22. Bd2 Nxe4 23. Bxe4 Bxe4 24. Rxe4 Rhe8 25. Rc4 Bd6 26. Rbc1 Ra6 27. R1c2 Re6 28. Kg2 Re2 29. Kf3 Re5 30. Rf4 f5 31. Rfc4 Rd5 32. Bg5 Be5 33. Re2 Rd3+ 34. Kg2 Bd6 35. Re1 Rd5 36. Rc2 Raa5 37. Rce2 Re5 38. Be3 Rad5 39. Bc1 Rxe2 40. Rxe2 Rd3 41. Bg5 Rc3 42. Bf6 Rc1 43. Bg5 Ra1 44. Kf3 Rh1 45. Rc2 Bb4 46. Rc4 c5 47. Ke2 Re1+ 48. Kd3 Kc6 49. Rc1 Re4 50. Be3 Kb5 51. f3 Rh4 52. gxh4 1-0

[Event "IECC TH-M-3346"]
[Site "IECC email"]
[Date "2018.11.05"]
[Round "?"]
[White "Agulnick, Michael"]
[Black "Holanda, Dogeval Ferreira"]
[Result "0-1"]
[WhiteElo "1911"]
[BlackElo "2200"]
[PlyCount "62"]
[EventDate "2018.??.??"]
[EventType "tourn (corr)"]
[SourceTitle "Corr 2020"]
[Source "ChessBase"]
[SourceDate "2019.09.30"]
[SourceVersion "1"]
[SourceVersionDate "2019.09.30"]
[SourceQuality "1"]
[WhiteTeam "United States"]
[BlackTeam "Brazil"]
[WhiteTeamCountry "USA"]
[BlackTeamCountry "BRA"]

1. e4 e5 2. Nf3 Nc6 3. Bb5 Nd4 4. Nxd4 exd4 5. 0-0 Bc5 6. d3 c6 7. Bc4 d5 8. exd5 cxd5 9. Bb5+ Bd7 10. Re1+ Ne7 11. Bxd7+ Qxd7 12. Nd2 0-0 13. Nb3 Rfc8 14. a4 a5 15. Bf4 Bb6 16. h3 h6 17. Bg3 Nf5 18. Bf4 Rc6 19. g4 Nh4 20. Bg3 Ng6 21. Qd2 f5 22. f3 Rac8 23. Rac1 Rf6 24. Ra1 fxg4 25. fxg4 Rf3 26. Qg2 Rxg3 27. Qxg3 Rxc2 28. Rec1 Re2 29. Nc5 Qe8 30. Nb3 Re3 31. Qd6 Rxd3 0-1

[Event "IECC TH-M-3308"]
[Site "IECC email"]
[Date "2018.07.09"]
[Round "?"]
[White "Agulnick, Michael"]
[Black "Wittal, Werner"]
[Result "1/2-1/2"]
[WhiteElo "1937"]
[BlackElo "2114"]
[PlyCount "54"]
[EventDate "2018.??.??"]
[EventType "tourn (corr)"]
[SourceTitle "Corr 2020"]
[Source "ChessBase"]
[SourceDate "2019.09.30"]
[SourceVersion "1"]
[SourceVersionDate "2019.09.30"]
[SourceQuality "1"]
[WhiteTeam "United States"]
[BlackTeam "Germany"]
[WhiteTeamCountry "USA"]
[BlackTeamCountry "GER"]

1. e4 d5 2. exd5 Qxd5 3. Nf3 Bg4 4. Be2 Nc6 5. 0-0 0-0-0 6. h3 Bh5 7. d3 Nf6 8. Be3 e5 9. Nc3 Qd7 10. a3 Bd6 11. b4 Rhe8 12. Ne4 Kb8 13. Re1 h6 14. Rb1 Nxe4 15. dxe4 Qe6 16. Nd2 Bxe2 17. Qxe2 Nd4 18. Bxd4 exd4 19. Rbd1 c5 20. bxc5 Bxc5 21. Nb3 Bb6 22. a4 Qe5 23. Nd2 Qc5 24. Nc4 Re6 25. Nxb6 Rxb6 26. Qd3 Qc7 27. Rb1 Rc6 1/2-1/2

[Event "IECC TH-M-3308"]
[Site "IECC email"]
[Date "2018.07.09"]
[Round "?"]
[White "Wittal, Werner"]
[Black "Agulnick, Michael"]
[Result "1-0"]
[WhiteElo "2108"]
[BlackElo "1945"]
[PlyCount "47"]
[EventDate "2018.??.??"]
[EventType "tourn (corr)"]
[SourceTitle "Corr 2020"]
[Source "ChessBase"]
[SourceDate "2019.09.30"]
[SourceVersion "1"]
[SourceVersionDate "2019.09.30"]
[SourceQuality "1"]
[WhiteTeam "Germany"]
[BlackTeam "United States"]
[WhiteTeamCountry "GER"]
[BlackTeamCountry "USA"]

1. e4 d5 2. exd5 Qxd5 3. Nc3 Qd6 4. d4 Nf6 5. Nf3 a6 6. g3 Bg4 7. Bg2 Nc6 8. 0-0 0-0-0 9. d5 Nb4 10. h3 Bf5 11. Bf4 Qc5 12. Ne5 Bxc2 13. Rc1 Bxd1 14. Rfxd1 e6 15. Nxf7 e5 16. Bxe5 Qe7 17. Nxd8 Qxe5 18. Nf7 Qf5 19. Nxh8 Bc5 20. Rd2 Nd3 21. Rf1 Ne5 22. Kh1 Nf3 23. Re2 Qf4 24. gxf4 1-0

[Event "TH-S-1065"]
[Site "IECC email"]
[Date "2018.05.25"]
[Round "?"]
[White "Wittal, Werner"]
[Black "Agulnick, Michael"]
[Result "1-0"]
[WhiteElo "2087"]
[BlackElo "1965"]
[PlyCount "65"]
[EventDate "2018.??.??"]
[EventType "tourn (corr)"]
[SourceTitle "Corr 2020"]
[Source "ChessBase"]
[SourceDate "2019.09.30"]
[SourceVersion "1"]
[SourceVersionDate "2019.09.30"]
[SourceQuality "1"]
[WhiteTeam "Germany"]
[BlackTeam "United States"]
[WhiteTeamCountry "GER"]
[BlackTeamCountry "USA"]

1. e4 c5 2. c3 Nf6 3. e5 Nd5 4. d4 cxd4 5. Nf3 Nc6 6. Bc4 Nb6 7. Bb3 d5 8. exd6 Qxd6 9. 0-0 g6 10. Ng5 e6 11. Ne4 Qe5 12. Re1 Be7 13. Bh6 Bd7 14. Nbd2 dxc3 15. Nf3 Qh5 16. Bg7 cxb2 17. Rb1 Rg8 18. Bxb2 0-0-0 19. Nf6 Bxf6 20. Bxf6 Qf5 21. Bxd8 Rxd8 22. Qc1 h5 23. Re5 Qf6 24. a4 Kb8 25. Rc5 Ne7 26. Ne5 Ned5 27. Bxd5 exd5 28. Qc3 Qf5 29. Nxd7+ Nxd7 30. Rcb5 b6 31. Rc1 Qe5 32. Qc6 Nc5 33. Qxc5 1-0

[Event "IECC TH-M-3289"]
[Site "IECC email"]
[Date "2018.05.04"]
[Round "?"]
[White "Agulnick, Michael"]
[Black "Wittal, Werner"]
[Result "0-1"]
[WhiteElo "1955"]
[BlackElo "2103"]
[PlyCount "90"]
[EventDate "2018.??.??"]
[EventType "tourn (corr)"]
[SourceTitle "Corr 2020"]
[Source "ChessBase"]
[SourceDate "2019.09.30"]
[SourceVersion "1"]
[SourceVersionDate "2019.09.30"]
[SourceQuality "1"]
[WhiteTeam "United States"]
[BlackTeam "Germany"]
[WhiteTeamCountry "USA"]
[BlackTeamCountry "GER"]

1. d4 f5 2. Bg5 g6 3. e3 Bg7 4. Nc3 d6 5. Bc4 c6 6. Bb3 Na6 7. Nh3 Nh6 8. 0-0 Nf7 9. Bh4 Nc7 10. Ne2 h6 11. Nhf4 g5 12. Nh5 Rg8 13. Bg3 Bd7 14. h3 Bh8 15. a4 e6 16. Qd2 Qe7 17. Qa5 b6 18. Qd2 0-0-0 19. a5 b5 20. c4 bxc4 21. Bxc4 d5 22. Bd3 e5 23. dxe5 Nxe5 24. Bxe5 Bxe5 25. Nd4 f4 26. Rac1 c5 27. Qc2 c4 28. Bf5 Bxd4 29. exd4 Bxf5 30. Qxf5+ Qe6 31. Qc2 Qf7 32. Qd1 Nb5 33. Qf3 Rge8 34. Rc2 Kb8 35. Rd1 Re4 36. Rcd2 Rde8 37. Kh2 Kb7 38. Qg4 R8e6 39. f3 Re3 40. h4 Re8 41. Rc1 Nd6 42. Rf2 Nf5 43. a6+ Kb6 44. Rd2 Rd3 45. hxg5 Rxd2 0-1

[Event "IECC CL2-2017.06 email"]
[Site "IECC email"]
[Date "2017.11.10"]
[Round "?"]
[White "Agulnick, Michael"]
[Black "Polo, Paul Caresse"]
[Result "0-1"]
[WhiteElo "1968"]
[BlackElo "2059"]
[PlyCount "92"]
[EventDate "2017.??.??"]
[EventType "tourn (corr)"]
[EventRounds "4"]
[SourceTitle "Corr 2020"]
[Source "ChessBase"]
[SourceDate "2019.09.30"]
[SourceVersion "1"]
[SourceVersionDate "2019.09.30"]
[SourceQuality "1"]
[WhiteTeam "United States"]
[BlackTeam "France"]
[WhiteTeamCountry "USA"]
[BlackTeamCountry "FRA"]

1. e4 e6 2. d4 d5 3. Nc3 Nf6 4. e5 Nfd7 5. f4 c5 6. Be3 cxd4 7. Bxd4 Nc6 8. Nf3 Nxd4 9. Qxd4 Bc5 10. Qd2 Qa5 11. Bd3 Bb4 12. 0-0 Nc5 13. Qe3 Bd7 14. Be2 Bxc3 15. bxc3 Ne4 16. Rf2 Nxf2 17. Kxf2 Rc8 18. c4 dxc4 19. Nd2 b5 20. Ne4 0-0 21. Nd6 Rb8 22. Bf3 Qb6 23. Rd1 Qxe3+ 24. Kxe3 Be8 25. Nb7 f6 26. Nd6 fxe5 27. fxe5 h5 28. c3 g5 29. a3 a5 30. Be4 b4 31. axb4 axb4 32. cxb4 Rxb4 33. Kd4 Kg7 34. Kc3 Rb3+ 35. Kxc4 Re3 36. Kd4 Ra3 37. Rc1 Bg6 38. Bc6 Ra5 39. g3 g4 40. Bb5 Ra2 41. Rc7+ Kh6 42. Re7 Rxh2 43. Rxe6 h4 44. Bd3 hxg3 45. Bxg6 g2 46. Be4+ Kg5 0-1

[Event "IECC TH-M-3198"]
[Site "IECC email"]
[Date "2017.09.24"]
[Round "?"]
[White "Agulnick, Michael"]
[Black "Wittal, Werner"]
[Result "0-1"]
[WhiteElo "1959"]
[BlackElo "2070"]
[PlyCount "82"]
[EventDate "2017.??.??"]
[EventType "tourn (corr)"]
[SourceTitle "Corr 2020"]
[Source "ChessBase"]
[SourceDate "2019.09.30"]
[SourceVersion "1"]
[SourceVersionDate "2019.09.30"]
[SourceQuality "1"]
[WhiteTeam "United States"]
[BlackTeam "Germany"]
[WhiteTeamCountry "USA"]
[BlackTeamCountry "GER"]

1. e4 e5 2. Nf3 Nc6 3. g3 d5 4. exd5 Qxd5 5. Nc3 Qd6 6. Bg2 Bg4 7. h3 Bh5 8. 0-0 0-0-0 9. d3 f5 10. Be3 f4 11. Ne4 Qh6 12. Bd2 Nf6 13. Neg5 Nd5 14. Re1 Be7 15. Ne4 Bxf3 16. Qxf3 Nd4 17. Qd1 Qg6 18. c3 Ne6 19. Qg4 Qxg4 20. hxg4 c6 21. a4 Rhf8 22. b4 a6 23. Rab1 Ndc7 24. Bf1 h6 25. Rb3 Kb8 26. Rb2 b6 27. a5 b5 28. Rc2 Nd5 29. Bg2 Kb7 30. Bf1 Rf7 31. Bg2 g5 32. Rb2 Ndc7 33. Bf1 Rh8 34. Bh3 Rfh7 35. Bg2 Rd8 36. Bf1 f3 37. Re3 Rf8 38. c4 Nd4 39. Nc5+ Bxc5 40. bxc5 h5 41. Rxe5 hxg4 0-1

[Event "IECC TH-M-3173"]
[Site "IECC email"]
[Date "2017.07.16"]
[Round "?"]
[White "Agulnick, Michael"]
[Black "Wittal, Werner"]
[Result "1/2-1/2"]
[WhiteElo "1978"]
[BlackElo "2109"]
[PlyCount "50"]
[EventDate "2017.??.??"]
[EventType "tourn (corr)"]
[SourceTitle "Corr 2020"]
[Source "ChessBase"]
[SourceDate "2019.09.30"]
[SourceVersion "1"]
[SourceVersionDate "2019.09.30"]
[SourceQuality "1"]
[WhiteTeam "United States"]
[BlackTeam "Germany"]
[WhiteTeamCountry "USA"]
[BlackTeamCountry "GER"]

1. f4 d5 2. Nf3 g6 3. c3 Nf6 4. d4 Bg7 5. e3 c5 6. Bd3 Nc6 7. 0-0 0-0 8. dxc5 Nd7 9. Bc2 Nxc5 10. Nbd2 b6 11. Nd4 Qc7 12. b4 Nb7 13. Bb2 Nd6 14. a4 a6 15. Bb3 e6 16. Rc1 b5 17. Qe2 Qb7 18. axb5 axb5 19. Ra1 Bd7 20. N2f3 Nxd4 21. exd4 Rfc8 22. Ne5 Be8 23. Rxa8 Rxa8 24. Ra1 Rxa1+ 25. Bxa1 Qc7 1/2-1/2

[Event "IECC TH-M-3156"]
[Site "IECC email"]
[Date "2017.06.11"]
[Round "?"]
[White "Romanelli, Gabriel Adrian"]
[Black "Agulnick, Michael"]
[Result "0-1"]
[WhiteElo "2061"]
[BlackElo "1944"]
[PlyCount "38"]
[EventDate "2017.??.??"]
[EventType "tourn (corr)"]
[SourceTitle "Corr 2020"]
[Source "ChessBase"]
[SourceDate "2019.09.30"]
[SourceVersion "1"]
[SourceVersionDate "2019.09.30"]
[SourceQuality "1"]
[WhiteTeam "Argentina"]
[BlackTeam "United States"]
[WhiteTeamCountry "ARG"]
[BlackTeamCountry "USA"]

1. e4 c5 2. Nf3 d6 3. Bb5+ Bd7 4. Bxd7+ Qxd7 5. c4 g6 6. d4 cxd4 7. Nxd4 Nf6 8. Nc3 Bg7 9. f3 0-0 10. Be3 Nc6 11. 0-0 a6 12. a4 e6 13. Nde2 Rfe8 14. Bf2 Qe7 15. a5 Nd7 16. Qd2 Nc5 17. Nc1 Ne5 18. Qe2 Qc7 19. Rd1 f5 0-1

[Event "IECC TH-M-3138"]
[Site "IECC email"]
[Date "2017.04.03"]
[Round "?"]
[White "Martins, Karin"]
[Black "Agulnick, Michael"]
[Result "1-0"]
[WhiteElo "1939"]
[BlackElo "2014"]
[PlyCount "83"]
[EventDate "2017.??.??"]
[EventType "tourn (corr)"]
[SourceTitle "Corr 2020"]
[Source "ChessBase"]
[SourceDate "2019.09.30"]
[SourceVersion "1"]
[SourceVersionDate "2019.09.30"]
[SourceQuality "1"]
[WhiteTeam "Germany"]
[BlackTeam "United States"]
[WhiteTeamCountry "GER"]
[BlackTeamCountry "USA"]

1. e4 e6 2. d4 d5 3. Nc3 Bb4 4. Nge2 dxe4 5. a3 Be7 6. Ng3 f5 7. Bc4 Nf6 8. 0-0 Nc6 9. Nce2 Bd6 10. f3 exf3 11. Rxf3 Bd7 12. Bg5 h6 13. Bxf6 Qxf6 14. Nh5 Qg5 15. Nhf4 e5 16. Rg3 exf4 17. Rxg5 hxg5 18. Qf1 0-0-0 19. Rd1 f3 20. Qxf3 Rxh2 21. Qd5 Rdh8 22. Kf2 Nd8 23. Qa5 Kb8 24. Rf1 g4 25. Qd2 Bc6 26. d5 Bd7 27. a4 Nf7 28. Bb5 Bc8 29. Qc3 a6 30. Bd3 Ne5 31. Ke1 Rxg2 32. Kd1 Rhh2 33. Nd4 Nxd3 34. Qxd3 f4 35. Qe4 Rd2+ 36. Kc1 g3 37. Nf3 Rde2 38. Qg6 Rh1 39. Rxh1 Ka7 40. Rh8 Bd7 41. Qxg7 Bxa4 42. Qd4+ 1-0

[Event "IECC CL2-2016.04 email"]
[Site "IECC email"]
[Date "2016.09.14"]
[Round "?"]
[White "Agulnick, Michael"]
[Black "Holanda, Dogeval Ferreira"]
[Result "0-1"]
[WhiteElo "1990"]
[BlackElo "2062"]
[PlyCount "114"]
[EventDate "2016.??.??"]
[EventType "tourn (corr)"]
[EventRounds "4"]
[SourceTitle "Corr 2020"]
[Source "ChessBase"]
[SourceDate "2019.09.30"]
[SourceVersion "1"]
[SourceVersionDate "2019.09.30"]
[SourceQuality "1"]
[WhiteTeam "United States"]
[BlackTeam "Brazil"]
[WhiteTeamCountry "USA"]
[BlackTeamCountry "BRA"]

1. e4 c5 2. Nf3 Nc6 3. Bb5 d6 4. d4 cxd4 5. Nxd4 Bd7 6. 0-0 Nf6 7. Nc3 g6 8. Be3 Bg7 9. f3 0-0 10. Qd2 Nxd4 11. Bxd4 Bxb5 12. Nxb5 a6 13. Nc3 Rc8 14. Rad1 e6 15. a3 Rc6 16. Na2 Nd7 17. Bxg7 Kxg7 18. Nb4 Rb6 19. Rf2 a5 20. Nd3 Rc6 21. b4 Qc7 22. bxa5 Ra8 23. Nb4 Rc3 24. Qd4+ Nf6 25. Qxd6 Qxa5 26. Qd4 Rxa3 27. Nd3 Rd8 28. Qb2 Rd7 29. Rfd2 Rc7 30. h3 Ra2 31. Qb1 b6 32. Nb4 Ra4 33. Nd3 Rc3 34. Qb2 Ra2 35. Qb1 Nh5 36. Kh2 b5 37. Kh1 h6 38. g4 Nf6 39. Kg2 Raa3 40. Qb2 g5 41. Rb1 Qc7 42. Rc1 b4 43. Rb1 Nd7 44. Qxb4 Rxc2 45. Rc1 Rxc1 46. Qxa3 Rc4 47. Qa1+ Kg8 48. Qb2 Nf8 49. Qe5 Qd8 50. Qb2 Rd4 51. Qc3 Ng6 52. Kf2 Rd7 53. Ke2 Qb8 54. Qa5 Kh7 55. Nf2 Nf4+ 56. Ke1 Qb1+ 57. Nd1 Rd3 0-1

[Event "IECC CL2-2016.03 email"]
[Site "IECC email"]
[Date "2016.07.15"]
[Round "?"]
[White "Agulnick, Michael"]
[Black "Holanda, Dogeval Ferreira"]
[Result "1/2-1/2"]
[WhiteElo "2021"]
[BlackElo "2011"]
[PlyCount "39"]
[EventDate "2016.??.??"]
[EventType "tourn (corr)"]
[EventRounds "4"]
[SourceTitle "Corr 2020"]
[Source "ChessBase"]
[SourceDate "2019.09.30"]
[SourceVersion "1"]
[SourceVersionDate "2019.09.30"]
[SourceQuality "1"]
[WhiteTeam "United States"]
[BlackTeam "Brazil"]
[WhiteTeamCountry "USA"]
[BlackTeamCountry "BRA"]

1. d4 Nf6 2. c4 e6 3. Nf3 b6 4. g3 Be7 5. Bg2 Bb7 6. 0-0 0-0 7. Nc3 Ne4 8. Qc2 Nxc3 9. Qxc3 c5 10. Bf4 d6 11. Rad1 Nc6 12. Qd2 Qe8 13. dxc5 bxc5 14. Ng5 Rd8 15. Qc2 Bxg5 16. Bxg5 Nb4 17. Qb3 Bxg2 18. Kxg2 f6 19. Bd2 a5 20. Bxb4 1/2-1/2

[Event "IECC CL2-2016.02 email"]
[Site "IECC email"]
[Date "2016.05.21"]
[Round "?"]
[White "Agulnick, Michael"]
[Black "Louro, Eugenio Diogo"]
[Result "1-0"]
[WhiteElo "2026"]
[BlackElo "2091"]
[PlyCount "23"]
[EventDate "2016.??.??"]
[EventType "tourn (corr)"]
[EventRounds "4"]
[SourceTitle "Corr 2020"]
[Source "ChessBase"]
[SourceDate "2019.09.30"]
[SourceVersion "1"]
[SourceVersionDate "2019.09.30"]
[SourceQuality "1"]
[WhiteTeam "United States"]
[BlackTeam "Portugal"]
[WhiteTeamCountry "USA"]
[BlackTeamCountry "POR"]

1. d4 d5 2. c4 Nf6 3. cxd5 Nxd5 4. e4 Nf6 5. Nc3 h6 6. Nf3 Bg4 7. Qb3 Bxf3 8. gxf3 Qc8 9. e5 Nfd7 10. Bh3 e6 11. f4 Nb6 12. d5 1-0

[Event "IECC CL2-2015.02 email"]
[Site "IECC email"]
[Date "2015.03.12"]
[Round "?"]
[White "Agulnick, Michael"]
[Black "Garau, Bernard"]
[Result "0-1"]
[WhiteElo "2011"]
[BlackElo "2128"]
[PlyCount "102"]
[EventDate "2015.??.??"]
[EventType "tourn (corr)"]
[EventRounds "4"]
[SourceTitle "Corr 2020"]
[Source "ChessBase"]
[SourceDate "2019.09.30"]
[SourceVersion "1"]
[SourceVersionDate "2019.09.30"]
[SourceQuality "1"]
[WhiteTeam "United States"]
[BlackTeam "France"]
[WhiteTeamCountry "USA"]
[BlackTeamCountry "FRA"]

1. e4 e5 2. Nf3 Nc6 3. Bb5 a6 4. Ba4 Nf6 5. 0-0 Be7 6. Re1 b5 7. Bb3 d6 8. c3 0-0 9. d4 Bg4 10. d5 Na5 11. Bc2 Qc8 12. Nbd2 c6 13. b4 Nb7 14. dxc6 Qxc6 15. Bb2 a5 16. a3 Rfc8 17. Bd3 Nd8 18. Qe2 Rab8 19. h3 Bd7 20. Nb3 axb4 21. axb4 Ne6 22. g3 Qb6 23. Kg2 Bd8 24. Qe3 Qxe3 25. Rxe3 Nc7 26. Nbd2 Be7 27. Ree1 Na8 28. Rec1 Nb6 29. Ra6 Bd8 30. Ra3 Kf8 31. Re1 h6 32. Rc1 Bc6 33. Ra6 Nc4 34. Nxc4 bxc4 35. Bxc4 Bb7 36. Bd3 Nxe4 37. Ra7 Bd5 38. Ra3 Nd2 39. Be2 Nc4 40. Bxc4 Rxc4 41. Rd1 Rb5 42. Bc1 f5 43. Be3 Bb7 44. Rxd6 Be7 45. Rda6 g5 46. Rxh6 g4 47. Kh2 Bxf3 48. Rh5 Kg7 49. Ra7 Bb7 50. Rxf5 Kg6 51. hxg4 Rxg4 0-1

[Event "IECC CL2-2015.02 email"]
[Site "IECC email"]
[Date "2015.03.12"]
[Round "?"]
[White "Agulnick, Michael"]
[Black "Martins, Karin"]
[Result "1-0"]
[WhiteElo "2010"]
[BlackElo "2037"]
[PlyCount "179"]
[EventDate "2015.??.??"]
[EventType "tourn (corr)"]
[EventRounds "4"]
[SourceTitle "Corr 2020"]
[Source "ChessBase"]
[SourceDate "2019.09.30"]
[SourceVersion "1"]
[SourceVersionDate "2019.09.30"]
[SourceQuality "1"]
[WhiteTeam "United States"]
[BlackTeam "Germany"]
[WhiteTeamCountry "USA"]
[BlackTeamCountry "GER"]

1. e4 e5 2. Nf3 Nc6 3. Bb5 a6 4. Ba4 Nf6 5. 0-0 Nxe4 6. d4 b5 7. Bb3 d5 8. dxe5 Be6 9. c3 Bc5 10. Nbd2 0-0 11. Bc2 Bf5 12. Nb3 Bg6 13. Nfd4 Bxd4 14. cxd4 a5 15. Be3 a4 16. Nc1 a3 17. b3 f6 18. Nd3 fxe5 19. Nxe5 Nxe5 20. Bxe4 dxe4 21. dxe5 Re8 22. Rc1 Rxe5 23. Qxd8+ Rxd8 24. Rxc7 Red5 25. h3 b4 26. Rb7 Rd1 27. Rxb4 Rxf1+ 28. Kxf1 Rd1+ 29. Ke2 Ra1 30. Bd4 Rxa2+ 31. Ke3 Be8 32. Rb7 g6 33. Ra7 Bb5 34. Kf4 Bf1 35. g4 Bxh3 36. Rg7+ Kf8 37. Rxh7 Bf1 38. Ra7 Ke8 39. g5 Kd8 40. Ke5 Kc8 41. Be3 Be2 42. Kxe4 Kb8 43. Ke5 Bd3 44. Ra5 Kb7 45. b4 Bf5 46. b5 Rb2 47. Ra7+ Kb8 48. b6 a2 49. Kd6 Kc8 50. Bd4 Re2 51. Be5 Be4 52. f4 Re1 53. Rxa2 Rd1+ 54. Ke7 Kb7 55. Bc7 Rd5 56. Ra7+ Kc6 57. Ra8 Rf5 58. Ra4 Bg2 59. Ra2 Bf1 60. Rh2 Kb7 61. Rh6 Bd3 62. Rxg6 Rxf4 63. Bxf4 Bxg6 64. Be3 Be4 65. Kf6 Kc8 66. g6 Kb8 67. g7 Bd5 68. Ke7 Bc4 69. Kf8 Be6 70. g8Q Bxg8 71. Kxg8 Kc8 72. Kf7 Kd7 73. Bf2 Kd6 74. Ke8 Kc6 75. Kd8 Kb7 76. Kd7 Ka6 77. Kc8 Kb5 78. b7 Kc4 79. b8Q Kd3 80. Qg3+ Ke4 81. Qg4+ Kd3 82. Bb6 Kc3 83. Qe4 Kd2 84. Qf3 Kc2 85. Qe3 Kd1 86. Qd3+ Kc1 87. Qe2 Kb1 88. Qd2 Ka1 89. Bd4+ Kb1 90. Qb2# 1-0

[Event "IECC CL2-2015.02 email"]
[Site "IECC email"]
[Date "2015.03.12"]
[Round "?"]
[White "Elliott, Tom"]
[Black "Agulnick, Michael"]
[Result "1-0"]
[WhiteElo "2022"]
[BlackElo "2021"]
[PlyCount "37"]
[EventDate "2015.??.??"]
[EventType "tourn (corr)"]
[EventRounds "4"]
[SourceTitle "Corr 2020"]
[Source "ChessBase"]
[SourceDate "2019.09.30"]
[SourceVersion "1"]
[SourceVersionDate "2019.09.30"]
[SourceQuality "1"]
[WhiteTeam "United States"]
[BlackTeam "United States"]
[WhiteTeamCountry "USA"]
[BlackTeamCountry "USA"]

1. d4 Nf6 2. c4 g6 3. Nc3 d5 4. cxd5 Nxd5 5. e4 Nxc3 6. bxc3 Bg7 7. Nf3 c5 8. Rb1 0-0 9. Be2 Nc6 10. d5 Ne5 11. Nxe5 Bxe5 12. Qc2 Qc7 13. Bh6 Rd8 14. h4 c4 15. h5 e6 16. hxg6 hxg6 17. Bg5 Rd6 18. f4 Bg7 19. e5 1-0

[Event "IECC CL2-2015.01 email"]
[Site "IECC email"]
[Date "2015.01.29"]
[Round "?"]
[White "Agulnick, Michael"]
[Black "Ekengren, Olle"]
[Result "1/2-1/2"]
[WhiteElo "2016"]
[BlackElo "2152"]
[PlyCount "96"]
[EventDate "2015.??.??"]
[EventType "tourn (corr)"]
[EventRounds "4"]
[SourceTitle "Corr 2020"]
[Source "ChessBase"]
[SourceDate "2019.09.30"]
[SourceVersion "1"]
[SourceVersionDate "2019.09.30"]
[SourceQuality "1"]
[WhiteTeam "United States"]
[BlackTeam "Sweden"]
[WhiteTeamCountry "USA"]
[BlackTeamCountry "SWE"]

1. e4 e6 2. Nf3 d5 3. exd5 exd5 4. d4 Bd6 5. c4 Nf6 6. c5 Be7 7. Nc3 0-0 8. Bb5 Bg4 9. 0-0 b6 10. cxb6 axb6 11. h3 Bh5 12. Re1 Bd6 13. g4 Bg6 14. Ne5 Ne4 15. Nxg6 Nxc3 16. Ne7+ Bxe7 17. bxc3 Bd6 18. Qc2 c6 19. Bf1 Nd7 20. c4 dxc4 21. Qxc4 Rc8 22. a4 c5 23. Bb2 Qf6 24. Bg2 Qf4 25. Re4 Qh2+ 26. Kf1 Rfd8 27. Rae1 cxd4 28. Qxd4 Bf8 29. R4e2 h6 30. Qe3 Qc7 31. Be4 Nc5 32. Bf5 Qc6 33. Kg1 Rc7 34. Bc2 Nxa4 35. Rc1 Nc5 36. Qf4 Rd6 37. Qf5 g6 38. Qe5 f6 39. Qe8 Qxe8 40. Rxe8 g5 41. Rb8 Ra7 42. Bf5 Kg7 43. Kg2 Rc6 44. Bd4 Bd6 45. Rd8 Be7 46. Rb8 Bd6 47. Rd8 Be7 48. Rb8 Bd6 1/2-1/2